Logo BPK

Biblioteka

Politechniki Koszalińskiej

Jahrbuch für internationale Germanistik. (Rekord nr 50397)

Szczegóły MARC
000 -ETYKIETA REKORDU
podpole kontrolne o stałej długości 00601nam a2200193 i 4500
001 - NUMER KONTROLNY REKORDU
pole kontrolne bgj
040 ## - ŹRÓDŁO KATALOGOWANIA
Instytucja, która utworzyła rekord BPK
041 0# - KOD JĘZYKA
Kod języka tekstu ger
044 ## - KOD KRAJU WYDAWCY/PRODUCENTA
Kod kraju wydawcy/producenta DEU
080 ## - UNIWERSALNA KLASYFIKACJA DZIESIĘTNA - UKD
UKD 81'1
008 - POLE O STAŁEJ DŁUGOŚCI - DANE KONTROLNE
podpole kontrolne o stałej długości s gw f |000 0 ger
245 10 - TYTUŁ/ODPOWIEDZIALNOŚĆ
Tytuł Jahrbuch für internationale Germanistik.
Oznaczenie części/sekcji dzieła Jahrgang 1 ; Heft 1 /
Pozostałe elementy strefy tytułu i oznaczenia odpowiedzialności hrsg. von Claude David [et al.] ; Geschäftsführender Herausgegeber Hans-Gert Roloff.
260 ## - STREFA ADRESU WYDAWNICZEGO
Miejsce wydania Bad Homburg v. d. H. :
Nazwa wydawcy/dystrybutora Verlag Gehlen,
Data publikacji, dystrybucji/powstania dokumentu 1969.
300 ## - STREFA OPISU FIZYCZNEGO
Objętość 211 s., [1] k. :
Inne cechy fizyczne il. ;
Rozmiary 23 cm.
650 9# - HASŁO PRZEDMIOTOWE W FORMIE NAZWY OGÓLNEJ LUB JEDNOSTKOWEJ
Nazwa ogólna lub geograficzna Językoznawstwo
700 1# - HASŁO DODATKOWE - NAZWA OSOBOWA
Nazwa osobowa DAVID, Claude.
700 1# - HASŁO DODATKOWE - NAZWA OSOBOWA
Nazwa osobowa ROLLOF, Hans-Gert.
942 ## - DODATKOWE ELEMENTY (KOHA)
Typ dokumentu Książka
Egzemplarze
Wycofany Status egzemplarza Uszkodzony Dostępność Lokalizacja stała Lokalizacja bieżąca Miejsce przechowywania Sygnatura Kod kreskowy Typ dokumentu
      Dostępny Biblioteka Politechniki Koszalińskiej Biblioteka Politechniki Koszalińskiej Wypożyczalnia Językowa N 306 02121659 Książka
© 2023 Biblioteka Politechniki Koszalińskiej :: KOHA